00422cam a2200169u 4500001000800000005001700008008004100025010001700066040001900083041000800102080001200110082001200122100000700134101000800141240004600149245005700195656513420180131040037.0821020s1962 nyu 000 0 eng  a 62006385  aDLCcCarPdDLC aeng a316 JON a316 JON1 a50 aSOC00aNatural child rearing. [from old catalog]14aThe intelligent parent's guide to raising children.